01811nam a2200313 a 450000100100000000500170001000800410002704000250006808200230009310000270011624501270014326000360027030000170030650000440032350000730036750501620044059000260060265000320062865100710066070000320073191000370076395201080080095201140090895201080102295201140113095201130124495201230135799900170148000002609220200930024309.0110301s1981 dr 000 0 spa d aDO-SdBNPbspacBNPHU a330.9729304bB681p1 aBoin, Jacqueline9779913aEl proceso de desarrollo del capitalismo en la República Dominicana (1844-1930) /cJaqueline Boin, José Serulle Ramia. aSanto Domingo :bGARMIL,c1981. av. ;c22 cm. aLa biblioteca posee los volumenes 1 y 2 aIncluye referencias bibliográficas y notas al pie de las páginas0 gv. 1. El proceso de desarrollo del capitalismo en la República Dominicana (1844-1930) --gv. 2. El desarrollo del capitalismo en la agricultura (1875-1930) aInventariado, 2018/VM 4aCapitalismoxHistoria93851 4aRepública DominicanaxCondiciones Económicasy1844-193093507412aSerulle Ramia, José96953 aValidado. Control de calidad MFF 0010718PDaPDbPDcHDd2011-03-01iLF1l0ov. 1p26092-10r2020-06-25w2020-06-25yLFPDZNo se presta 0010718PDaPDbPDcHDd2011-04-19iLF1l0ov. 1, e. 2p26092-20r2020-06-25w2020-06-25yLFPDZNo se presta 0010718PDaPDbPDcHDd2011-04-19iLF1l0ov. 2p26092-30r2020-06-25w2020-06-25yLFPDZNo se presta 0010718PDaPDbPDcHDd2011-04-19iLF1l0ov. 2, e. 2p26092-40r2020-06-25w2020-06-25yLFPDZNo se presta 0010718PDaPDbPDcHDd2011-08-31iLF1l0ov. 2, e.3p26092-50r2020-06-25w2020-06-25yLFPDZNo se presta 001052708PDaPDbPDcHDd2018-05-29iLF1l0ov. 2, e. 4p26092-60r2020-06-25w2020-06-25yLFPDZPréstamo interno c25584d25584